宫崎骏执导的动画电影 Animated films by Hayao Miyazaki - Statistics

General Stats
  • This quiz has been taken 28 times
  • The average score is 8 of 13
Answer Stats
年份 动画电影 % Correct
2001 千与千寻
100%
2004 哈尔的移动城堡
86%
1988 龙猫
82%
1986 天空之城
71%
1984 风之谷
61%
1992 红猪
61%
1997 幽灵公主
61%
2013 起风了
61%
1989 魔女宅急便
54%
2023 你想活出怎样的人生
54%
2008 崖上的波妞
46%
1979 鲁邦三世 卡里奥斯特罗之城
21%
1984 未来少年柯南
11%
No matching quizzes found
Score Distribution
Percent of People with Each Score
Percentile by Number Answered
Your Score History
You have not taken this quiz